01340nam a22003497a 4500003000500000005001700005008004100022010001000063011001000073035001000083040000900093090001000102100004600112245013400158260003900292300002200331502009900353590003700452590004100489590004100530590004100571590004100612590004200653650004000695650003600735650002100771901000700792942001000799949003600809999001700845952012800862CHAP20220329135948.0971013s1977 r 00010 d a44765 a45737 a49876 cCHAP aTesis00aRamos Juárez, Laureano Evaristo.994435 aCaracterísticas de las Leucopenias provocadas por vacunación con virus "vivo" de la Enfermedad Newcastle en pollos de engorda aMéxico, D. F. :bEl autor,c1977 a11 h.b; gráfs. aTesis (Médico Veterinario Zootecnista) -- UNAM. Facultad de Medicina Veterinaria y Zootecnia aALEPHb10c20130110lUCH01h1314 aBATCH-UPDb10c20130109lUCH01h2350 aBATCH-UPDb10c20130110lUCH01h1404 aBATCH-UPDb10c20130409lUCH01h1922 aBATCH-UPDb10c20130914lUCH01h0445 aCONVERSIONb10c20130109lUCH01h132514aAves de corralxEnfermedades.9864614aEnfermedad de Newcastle.93692914aVacunas.9117179 aBK cTESIS bBCcTESd-112373eTS1i49876si c44765d44765 00102local4051718TESISaBCbBCcPA_TESISd2012-12-17fTESISl0oTesisp-112373r2019-12-31 00:00:00w2019-12-31yTESIS